000 00722nam a2200289Ia 4500
005 20260324124617.0
008 008 260324s9999 xx 000 0 eng d
020 _a9781315424576
037 _aEBOOK
040 _aCRL
040 _beng
040 _cCRL
041 _2eng
041 _aeng
084 _qCRL
100 _aCynthia Robinson; Tina R Nolan
_91172249
245 0 _aMission, Money, and Authority, Part Two
245 0 _bJournal of Museum Education 35:3 Thematic Issue
260 _bTaylor and Francis
260 _c2010
365 _a
365 _b300
856 _uhttp://www.taylorfrancis.com/books/9781315424576
942 _cEBOOK
999 _c1769346
_d1769346